00559cam a2200205 a 4500001001300000003000400013005001700017008004100034010001700075040001300092050002500105100004200130245004400172250002100216260003900237300002100276500001100297546001300308500003200321sa 64008626 DLC20260227112055.0840806s1955 pk 000 f urdo  asa 64008626  aDLCcDLC00aPK2199.A285bT3 19550 aAe. Ār. K̲h̲ātūn,d1900-1965.10aTaṣvīr /cAe. Ār. K̲h̲ātūn. a4. aiḍīshan. aLāhaur :bGoshah-yi Adab,c1955. a302 p. ;c19 cm. aNovel. aIn Urdu. aOriginally published: 1947.